000 00762nam a22002417a 4500
005 20251108170806.0
008 250721s9999 xx 000 0 ara d
082 1 4 _a217.1/مدن
100 1 _aالمدني، عمر
245 1 0 _aالمذاهب الإسلامية الخمسة /
264 1 _aعمان :
_bالدار المتحدة للنشر،
_c[19-].
300 _a272ص
490 0 _aسلسلة كتاب الشهر ؛ 3
650 1 7 _aالفقه الإسلامي
650 1 7 _aالمذاهب الإسلامية
650 1 7 _aالفقه الحنبلي
650 1 7 _aالفقه الحنفي
650 1 7 _aالفقه المالكي
650 1 7 _aالفقه الشافعي
650 1 7 _aفقه الشيعة
942 _2ddc
_cBK
999 _c49078
_d49078